000 01038nam a2200301 i 4500
001 9578
003 ES-MaACL
005 20251207124542.0
007 t|
008 931110s1992 sp ||||1| spa d
020 _a84-481-0035-2
080 _a53:92 Einstein
080 _a530.12
080 _a530.145
100 1 _aBernstein, Jeremy.
_928361
245 1 0 _aEinstein
_b: el hombre y su obra /
_cJeremy Bernstein ; traducción y revisión técnica, José Luis Sebastian Franco.
260 _aMadrid [etc.] :
_bMcGraw-Hill,
_cD.L. 1992.
300 _aXVIII, 164 p. ;
_c21 cm.
490 1 _aSerie McGraw-Hill de divulgación científica
504 _aBibliografía: p. 161-164.
600 1 4 _aEinstein, Albert,
_d1879-1955
_946838
650 1 4 _aRelatividad (Física)
_916793
650 1 7 _aMecánica cuántica
_2embne
_914872
700 1 _aSebastián Franco, José Luis.
_9105014
830 0 _aSerie McGraw-Hill de divulgación científica
_9178515
852 _aES-MaACL
_jL-17021
_bR.122049
999 _c9578
_d9578